Politický systém Švédskeho kráľovstva
Hlavné znaky politického systému Švédska. Postavenie švédskeho kráľa. Medzinárodná politika Švédska. Neutralita. Švédsko a jeho vzťah k EÚ.
Saved in:
| Main Author: | |
|---|---|
| Format: | Book Chapter |
| Language: | Slovak |
| Subjects: | |
| Tags: |
No Tags, Be the first to tag this record!
|
MARC
| LEADER | 00000nla a2200000 4500 | ||
|---|---|---|---|
| 001 | 0183821 | ||
| 005 | 20240502073139.8 | ||
| 041 | 0 | |a slo | |
| 044 | |a SK | ||
| 245 | 1 | 0 | |a Politický systém Švédskeho kráľovstva |c Tatiana Damašková |
| 520 | |a Hlavné znaky politického systému Švédska. Postavenie švédskeho kráľa. Medzinárodná politika Švédska. Neutralita. Švédsko a jeho vzťah k EÚ. | ||
| 610 | 2 | 0 | |a Švédsko |
| 610 | 2 | 0 | |a systémy politické |
| 610 | 2 | 0 | |a politika medzinárodná |
| 100 | 1 | |a Damašková, Tatiana, 1969- | |